| 000 | 00366nam a2200133Ia 4500 | ||
|---|---|---|---|
| 005 | 20260326100046.0 | ||
| 008 | 260326s9999||||xx |||||||||||||| ||und|| | ||
| 100 | _aNavarro, José Gabriel | ||
| 245 | 0 |
_aLa Escultura en el Ecuador del Siglo xvi , xvii , xviii / _cJosé Gabriel Navarro |
|
| 260 | _bAntonio Marzo | ||
| 300 | _a183 p. | ||
| 650 | _aARTE | ||
| 942 | _cBK | ||
| 999 |
_c7188 _d7188 |
||